000 01521nam a2200385 a 4500
001 00375
003 DO-SdBNP
005 20180309105449.0
007 00375
008 091118s2012 dr 2012 000 0 spa d
020 _a9789945116380
040 _aBPMSU
_bspa
_cBPMSU
092 _a372.83
_bC238s, 1ro. 2012
100 1 _aCapellán Almonte, Fanny
245 1 0 _aSociedad 1 :
_beducación básica /
_cFanny Capellán Almonte ; dirección editorial Obdulia García de Escobar ; editora Margarita Castro Catrain
260 _aSanto Domingo :
_bSantillana,
_c2012.
300 _a111 p. :
_bil., mapas., retrs. ;
_c28 cm.
490 1 _aInnova
505 _t¿Como somos? --
_t¿Dónde vivo? --
_t¿Donde aprendo? --
_tMi comunidad --
_tEl campo y la ciudad --
_tMis necesidades --
_tEl trabajo y la producción --
_tMi país.
650 4 _aCIENCIAS SOCIALES
_xENSEÑANZA BÁSICA
650 4 _aCIENCIAS SOCIALES
_xEDUCACIÓN PRIMARIA
650 4 _aCIENCIAS SOCIALES
_xLIBROS DE TEXTOS
650 4 _aCIENCIAS SOCIALES
_xESTUDIOS Y EJERCICIOS
650 4 _aEDUCACIÓN PRIMARIA
_zREPÚBLICA DOMINICANA
700 1 2 _aGarcía de Escobar, Obdulia,
_eed.
700 1 2 _aCastro Catrain, Margarita,
_eed.
700 1 2 _aGarca Escobar, Obdulia,
830 0 _aInnova
910 _aValidado. Control de calidad MFF
942 _2ddc
_cBK
945 _aRemanejado para BNPHU / 2018 BT
956 _aYLOCKWARD
_b10
_c20150617
_lBND01
_h1122
956 _aVMATEO
_b10
_c20150617
_lBMET02
_h00151
956 _aBTAVÁREZ
_b10
_c20160513
_l00375
999 _c7918
_d7918